zpět

Detail výsledku týmu

Infinity c&c bar, Zlín

Datum a čas kvízu

21.5 Celkem bodů Celkový počet nahraných bodů na tomto kvízu bez doplňovacích otázek.
9. Pořadí na kvízu Konečné umístění týmu na tomto kvízu.

Zaznamenané odpovědi

# Otázka Odpověď Body Výsledky
1. Česká Wikipedie dosáhla minulý... C) 500 tisíc článků 1
2. Ostře sledovaná byla návštěva... Slovinsko, Polsko 1
3. V pondělí byl oznámen poměrně... Veronika Žilková, Martin Stropnický 1
4. Slavný boxer Mike Tyson se v s... ucho 1
5. Fotbalová Barcelona minulý týd... Spotify 0
6. Autorem literární předlohy age... Ve 20. století. 0
7. Seřaďte následující bondovky c... 1D 2A 3B 4C 0
8. Kterou z těchto zemí James Bon... D 1
9. Ve kterém filmu ztvárnila roli... Quantum of Solace 0
10. Která zpěvačka napsala spolu s... Billie Eilish 1